| 000 | 00568nam a2200217Ia 4500 | ||
|---|---|---|---|
| 008 | 180523s9999 xx 000 0 und d | ||
| 020 | _a978-1-4504-3219-1 | ||
| 050 | _aMAIN GV 886.3 | ||
| 050 | _b.P39 2013 | ||
| 100 | _aPaye, Burrall. | ||
| 245 | 0 | _aYouth basketball drills / | |
| 245 | 0 | _cBurrall Paye, Patrick Paye. | |
| 250 | _a2nd edition. | ||
| 260 | _aChampaign, IL : | ||
| 260 | _bHuman Kinetics, | ||
| 260 | _c2013 | ||
| 300 | _a345 pages : | ||
| 300 | _billustrations ; | ||
| 300 | _c26 cm. | ||
| 650 | _aYouth league basketball -- Coaching. | ||
| 999 |
_c357875 _d357875 |
||